|
|
|
|
| LEADER |
00000cam a2200000 7i4500 |
| 001 |
0000278258 |
| 005 |
20200914113106.0 |
| 020 |
|
|
|a 9789672260196
|
| 090 |
0 |
0 |
|a JF
|b MOR
|
| 100 |
1 |
|
|a Morhain
|
| 245 |
1 |
0 |
|a Oscar Wilde's :
|b the picture of Dorian Gray
|c by Morhain, M. Tunica & P. Tunica
|
| 260 |
|
|
|a Subang Jaya :
|b Bright Publications Sdn Bhd ,
|c 2020
|
| 300 |
|
|
|a 78p. :
|b ill. ;
|c 23cm.
|
| 490 |
0 |
|
|a Magnificent graphic novels
|
| 650 |
|
0 |
|a Children's stories
|
| 650 |
|
0 |
|a Graphic novels
|
| 700 |
1 |
|
|a Tunica M.
|
| 700 |
1 |
|
|a Tunica P.
|
| 999 |
|
|
|a 00384809
|b BUKU
|c PINJAMAN
|e PERPUSTAKAAN KOMUNITI PETALING JAYA
|